Normal view
MARC view
- Bai Tian
Entry Personal Name
001 - CONTROL NUMBER
- control field: 133593
003 - CONTROL NUMBER IDENTIFIER
- control field: NUST
005 - DATE AND TIME OF LATEST TRANSACTION
- control field: 20260306110918.0
008 - FIXED-LENGTH DATA ELEMENTS
- fixed length control field: 260306|| aca||aabn | a|a d
040 ## - CATALOGING SOURCE
- Original cataloging agency: NUST
- Transcribing agency: NUST
100 ## - HEADING--PERSONAL NAME
- Personal name: Bai Tian
670 ## - SOURCE DATA FOUND
- Source citation: Work cat.: (NUST): Bai Tian., GIS Technology Applications in Environmental and Earth Sciences /, 2016.
